000 00468nam a22001937a 4500
003 MPLRDC
005 20220104160757.0
008 210129b ||||| |||| 00| 0 eng d
020 _a957-9643-77-6
082 _a719.27 LZY
100 _a李镇岩
245 _a绿岛.兰屿.台东
_c
250 _a初版
260 _a台湾
_b太雅出版有限公司
_c2000
300 _b
490 _aLIFE NET. 409
650 _a台湾游记
942 _cBK
_o719.27 LZY
999 _c55160
_d55150